00528nam a22001817a 450000500170000001000150001702000270003203500140005903700090007308200140008210000130009624500700010925000060017926000410018527000750022630000200030170000250032120251030153554.0 aENG-147049 c1050.00a9789364449922 aEN-130581 bDBAD a657.9523 aHanif, M00aFundamentals of Corporate Accounting/cM Hanif [and] A Mukherjee  a3 aChennaibMcGraw Hill Educationc2025 aAnjana Complex No. 5/90 A, Butt Road, St Thomas MountbChennaie600016 avpp. c24cm(pb) aMukherjee, AeAuthor